Prasutishastra V Kala (Record no. 158330)

MARC details
000 -LEADER
fixed length control field 00343nam a2200133Ia 4500
008 - FIXED-LENGTH DATA ELEMENTS--GENERAL INFORMATION
fixed length control field 230411s9999 xx 000 0 und d
041 ## - LANGUAGE CODE
Language code of text/sound track or separate title eng
082 ## - DEWEY DECIMAL CLASSIFICATION NUMBER
Classification number AN/610.736 8/MOM/B08940
100 ## - MAIN ENTRY--PERSONAL NAME
Personal name Momin S
245 ## - TITLE STATEMENT
Title Prasutishastra V Kala
260 ## - PUBLICATION, DISTRIBUTION, ETC. (IMPRINT)
Name of publisher, distributor, etc. Sirajo Shafi Publication
Place of publication, distribution, etc. Kolhapur
Date of publication, distribution, etc. 2004
300 ## - PHYSICAL DESCRIPTION
Extent 382p
Holdings
Withdrawn status Lost status Damaged status Not for loan Collection code Home library Current library Date acquired Vendor Cost, normal purchase price Bill number Shelving control number Total Checkouts Total Renewals Full call number Barcode Checked out Date last seen Date last checked out Cost, replacement price Bill Date Koha item type Original Barcode
          Smt. Bakul Tambat Institute of Nursing Education Smt. Bakul Tambat Institute of Nursing Education 14/12/2018 Patil Medical Book House 200.00 5424 1 15 8 AN 610.736 8 MOM B08940 BTIN-BK-8940 08/04/2026 25/03/2026 25/03/2026 160.00 21/12/2007 Books B08940